00601nam a2200169Ia 4500082001200000100002600012245009400038260003400132300000800166504004100174650004400215650004200259650004200301650005200343650001800395710001800413 aTS.0929 aSrivastava, Abhilasha 0aLow income women workers: coping with socio-economic stressors and quality of family life c2002bUniversity of Allahabad a140 aincludes appendices and bibliography aPovertyvAllahabad City (Uttar Pradesh) aSlumsvAllahabad City (Uttar Pradesh) aLaborvAllahabad City (Uttar Pradesh) aWomen employeesvAllahabad City (Uttar Pradesh) aWomen workers aPandey, Janak